"Back" Words Quiz #2 - Statistics

General Stats
  • This quiz has been taken 21 times
  • The average score is 8 of 20
Answer Stats
Hint Answer % Correct
Famous line from Terminator I'll be back
84%
A betrayer Backstabber
74%
Where actors get ready Backstage
63%
Insult framed as praise Backhanded compliment
58%
Construction equipment Backhoe
58%
Band behind "Rockstar" and "Photograph" Nickelback
58%
What Tom Petty won't do Back Down
53%
AC/DC's return Back in Black
53%
Sir Mix-a-Lot wants buns Baby Got Back
47%
Gwen Stefani is not one of these people Hollaback Girl
47%
Secret way into an otherwise secure website back door
42%
Reason for August sales Back to school
42%
When we walked up hill both ways to school in 3 feet of snow Back in the day
37%
Punctuation mark Backslash
32%
Beatles song and Peter Jackson-directed documentary Get Back
32%
The final thing that pushed me over the edge The straw that broke the camel's back
32%
Taylor Swift song about missing her ex Back to December
11%
Nickname of Joe Montana claimed by Bill Clinton Comeback Kid
11%
You don't know how lucky you are Back in the USSR
5%
Quick calculations on any available piece of paper Back of the envelope
5%
No matching quizzes found
Score Distribution
Percent of People with Each Score
Percentile by Number Answered
Your Score History
You have not taken this quiz